[Event "IRI-ch U14"]
[Site "Chess.com INT"]
[Date "2021.01.16"]
[Round "7"]
[White "Attar, Behrad"]
[Black "Kianiharchegani, Mohammadhossein"]
[Result "1-0"]
[WhiteElo "1415"]
[BlackElo "1858"]
[PlyCount "99"]
[EventDate "2021.01.16"]
[EventType "swiss"]
[EventRounds "11"]
[EventCountry "IRI"]
[SourceTitle "EXT 2022"]
[Source "ChessBase"]
[SourceDate "2021.10.06"]
[SourceVersion "1"]
[SourceVersionDate "2021.10.06"]
[SourceQuality "1"]

1. e4 c5 2. Nf3 d6 3. d4 cxd4 4. Nxd4 Nf6 5. Nc3 a6 6. Be3 e5 7. Nb3 Be6 8. Be2 Nc6 9. 0-0 Be7 10. Nd5 0-0 11. Bb6 Qd7 12. Nxf6+ Bxf6 13. Qd2 Bd8 14. Be3 f5 15. f3 Bc7 16. Rad1 Rad8 17. c4 Qf7 18. Qc3 Qg6 19. exf5 Bxf5 20. Rf2 Kh8 21. Rdf1 Bb8 22. Kh1 h5 23. Nd2 Ne7 24. Qa3 Rfe8 25. f4 e4 26. Nb3 d5 27. Nd4 dxc4 28. Bxc4 b5 29. Be2 Bd6 30. Qxa6 Ra8 31. Qxb5 Reb8 32. Qc4 Rxb2 33. Bxh5 Rxf2 34. Bxg6 Rxf1+ 35. Qxf1 Bxg6 36. g3 Nd5 37. Qh3+ Kg8 38. Bg1 Bf7 39. Nf5 Bf8 40. Qg4 Nf6 41. Qg5 Bd5 42. Ne3 Bxa2 43. h4 Bf7 44. Nf5 Bh5 45. g4 Bxg4 46. Nh6+ Kh7 47. Nxg4 Nxg4 48. Qxg4 Ra2 49. Qf5+ Kg8 50. Qd5+ 1-0

[Event "IRI-ch U14"]
[Site "Chess.com INT"]
[Date "2021.01.16"]
[Round "4"]
[White "Kianiharchegani, Mohammadhossein"]
[Black "Mohammadi Akbarabadi, Hossein"]
[Result "0-1"]
[WhiteElo "1858"]
[BlackElo "1617"]
[PlyCount "132"]
[EventDate "2021.01.16"]
[EventType "swiss"]
[EventRounds "11"]
[EventCountry "IRI"]
[SourceTitle "EXT 2022"]
[Source "ChessBase"]
[SourceDate "2021.10.06"]
[SourceVersion "1"]
[SourceVersionDate "2021.10.06"]
[SourceQuality "1"]

1. e4 c6 2. d4 d5 3. e5 Bf5 4. h4 h5 5. Bd3 Bxd3 6. Qxd3 Qa5+ 7. Nd2 e6 8. Ngf3 Nh6 9. 0-0 Nf5 10. c4 Be7 11. g3 Nd7 12. Rd1 Rd8 13. cxd5 Qxd5 14. Nb3 Nb6 15. Bg5 Qc4 16. Qe4 Qd5 17. Qe2 Qc4 18. Qd2 Bb4 19. Qc1 Qxc1 20. Raxc1 Rd5 21. a3 Be7 22. Bxe7 Kxe7 23. Nc5 Rb8 24. Rd3 Nd7 25. Ne4 Rb5 26. b4 a5 27. Nc3 Rb6 28. bxa5 Ra6 29. Nd2 Rxa5 30. Nc4 Ra7 31. Ne4 Rba8 32. Rcc3 Ra6 33. Nc5 Nxc5 34. dxc5 Rd8 35. Nd6 Nxd6 36. cxd6+ Kd7 37. Rf3 Rf8 38. Kf1 Ra5 39. Rce3 f6 40. Ke2 f5 41. Kd2 Rfa8 42. Rb3 Rxe5 43. Rxb7+ Kxd6 44. Rxg7 Rd5+ 45. Kc2 Rda5 46. Rd3+ Ke5 47. f4+ Kf6 48. Rdd7 Rf8 49. Rh7 Rc5+ 50. Kb3 Rb8+ 51. Rb7 Rxb7+ 52. Rxb7 e5 53. Kb4 Rd5 54. Rb6 exf4 55. Rxc6+ Ke5 56. gxf4+ Kxf4 57. Rc4+ Kg3 58. a4 f4 59. Rc8 f3 60. Rg8+ Kxh4 61. a5 Rf5 62. a6 Rf7 63. Rg1 f2 64. Rf1 Kg3 65. Kb5 Kg2 66. Rxf2+ Kxf2 0-1